শিল্প ও নন্দনতত্ত্ব / (Record no. 2613)

MARC details
000 -LEADER
fixed length control field 00959nam a22002177a 4500
003 - CONTROL NUMBER IDENTIFIER
control field BD-DhJNU
005 - DATE AND TIME OF LATEST TRANSACTION
control field 20260216070801.0
008 - FIXED-LENGTH DATA ELEMENTS--GENERAL INFORMATION
fixed length control field 260216b |||||||| |||| 00| 0 eng d
020 ## - INTERNATIONAL STANDARD BOOK NUMBER
International Standard Book Number 9789848796931
040 ## - CATALOGING SOURCE
Original cataloging agency BD-DhJNU
Language of cataloging BEN
Transcribing agency BD-DhJNU
Modifying agency BD-DhJNU
082 ## - DEWEY DECIMAL CLASSIFICATION NUMBER
Edition number 23
Classification number 701.17
242 ## - TRANSLATION OF TITLE BY CATALOGING AGENCY
Title Art and aesthetics /
Statement of responsibility, etc. Edited by Pradeep Kumar Nandi
245 ## - TITLE STATEMENT
Title শিল্প ও নন্দনতত্ত্ব /
Statement of responsibility, etc. প্রদীপ কুমার নন্দী কর্তৃক সম্পাদিত
260 ## - PUBLICATION, DISTRIBUTION, ETC.
Place of publication, distribution, etc. ঢাকা :
Name of publisher, distributor, etc. অবসর,
Date of publication, distribution, etc. ২০১৪
300 ## - PHYSICAL DESCRIPTION
Extent ৫২৭ পৃ. :
Dimensions ২২ সে.মি.।
504 ## - BIBLIOGRAPHY, ETC. NOTE
Bibliography, etc. note গ্রন্থপঞ্জিগত নির্দেশিকা ও নিঘন্ট অন্তভূক্ত
650 ## - SUBJECT ADDED ENTRY--TOPICAL TERM
Topical term or geographic name entry element নন্দনতত্ত্ব
650 ## - SUBJECT ADDED ENTRY--TOPICAL TERM
Topical term or geographic name entry element Aesthetics
700 ## - ADDED ENTRY--PERSONAL NAME
Personal name নন্দী, প্রদীপ কুমার
Relator term সম্পাদক
942 ## - ADDED ENTRY ELEMENTS (KOHA)
Source of classification or shelving scheme Dewey Decimal Classification
Koha item type Books
Suppress in OPAC No
Holdings
Withdrawn status Lost status Source of classification or shelving scheme Damaged status Not for loan Collection Home library Current library Shelving location Date acquired Source of acquisition Total checkouts Full call number Barcode Date last seen Copy number Price effective from Koha item type
    Dewey Decimal Classification     Non-fiction Jagannath University Central Library Jagannath University Central Library General stacks 02/16/2026 Purchased   701.17 ART JNUCL36230 02/16/2026 1 02/16/2026 Books